Guatemala: paradoja electoral /
Gorde:
| Egile nagusia: | |
|---|---|
| Formatua: | Texto |
| Etiketak: |
Etiketa erantsi
Etiketarik gabe, Izan zaitez lehena erregistro honi etiketa jartzen!
|
MARC
| LEADER | 00000 a a2200000 04500 | ||
|---|---|---|---|
| 001 | 45993 | ||
| 003 | |||
| 040 | |||
| 100 | |a Ortíz, Julia | ||
| 245 | |a Guatemala: |b paradoja electoral / |c Julia Ortíz | ||
| 773 | |g volumen10, número323 (1990), páginas 29-30 | ||
| 999 | |c 20617 |d 20617 | ||
